Toute les races de vaches mixtes - Statistiques

Statistiques générales
  • Ce quiz a été pris 36 fois
  • Le résultat moyen est 4 sur 17
Statistiques - réponses
Réponses % Correct
2 Aubrac
66%
10 Montbéliarde
66%
12 Normande
66%
13 Salers
62%
17 Vosgienne
21%
15 Tarentaise
17%
1 Armoricaine
7%
4 Béarnaise
7%
6 Bleue du Nord
7%
7 Ferrandaise
7%
8 Lourdaise
7%
14 Simmental française
7%
5 Bretonne pie noir
3%
9 Maraîchine
3%
11 Nantaise
3%
16 Villard-de-lans
3%
3 Aure-et-saint-girons
0%
Aucun quiz correspondant
Distribution des résultats
% des personnes avec chaque résultat
Percentile par nombre de réponses
Votre historique - résultats
Vous n’avez pas pris ce quiz